Statistics for 2020 Top 10 NBA Shooting Guards

Click here to take the quiz!

General Stats

  • This quiz has been taken 49 times
    (46 since last reset)
  • The average score is 7 of 10

Answer Stats

RankPlayer% Correct
1James Harden
94%
6Bradley Beal
92%
4Devin Booker
81%
2Luka Doncic
75%
10Jaylen Brown
69%
3Paul George
67%
7Victor Oladipo
61%
8Zach LaVine
58%
5Donovan Mitchell
56%
9Jrue Holiday
44%

Score Distribution

Percentile by Number Answered

Percent of People with Each Score

Your Score History

You have not taken this quiz since the last reset